000 01181nam a2200313 a 4500
001 BRCA_8381
005 20190320210246.0
008 071014s2000----sp-a######---#000-0#spa-#
020 _a8476282931
041 _aspa
044 _asp
050 4 _aND1288
_b.S76 2000
100 1 _aStoichita, Victor I.
_920997
245 1 0 _aLa invención del cuadro: arte, artífices y artificios en los orígenes de la pintura europea
_cVictor I. Stoichita ; traducción Anna Maria Coderch.
260 _a[Barcelona]
_bEdiciones del Serbal
_c2000
300 _a301 p.
_bil.
_c29 cm.
440 0 _aCultura artística
_v18
_920998
500 _aIncluye lista de ilustraciones e índice onomástico y temático
500 _aTraducción de : L´instauration du tableau. Métapeinture a l´aube des temps modernes, 1993
500 _aEjemplar engargolado
500 _aPor política no se presta a domicilio
504 _aBibliografía: p. 269-284
650 1 4 _aPintores
_xPsicología
_920999
650 1 4 _aPintura renacentista
_xTemas, motivos
_921000
650 1 4 _aPintura moderna
_xTemas, motivos
_921001
700 1 _aCoderch, Anna Maria
_etr.
_921002
902 _aeng
942 _2lcc
_cB
999 _c8049
_d8049